00233nam a2200109Ia 4500008004100000041000800041082001700049100001800066245002100084260000900105365000900114240624s9999 xx 000 0 und d aeng a658.4092 BEN aBENNIS WARREN aESSENTIAL BENNIS c2009 cb28